Discurso pronunciado el 30 de enero de 1958 para contestar ataques lanzados por el expresidente de la República Don Otilio Ulate

Guardat en:
Dades bibliogràfiques
Autor principal: Mora Valverde, Manuel
Format: Text
Publicat: San José :
Etiquetes: Afegir etiqueta
Sense etiquetes, Sigues el primer a etiquetar aquest registre!

MARC

LEADER 00000 a a2200000 04500
001 17047
003
040
090 |a EXTRAVIADO  
100 |a Mora Valverde, Manuel  
245 |a Discurso pronunciado el 30 de enero de 1958 para contestar ataques lanzados por el expresidente de la República Don Otilio Ulate  
260 |a San José :  
300 |a 18 p.  
999 |c 1826  |d 1826